[Event "RUS-ch Women Blitz 2019"]
[Site "Sochi"]
[Date "2019.10.20"]
[Round "3.6"]
[White "Absalyamova, Karina"]
[Black "Girya, Olga"]
[Result "1/2-1/2"]
[WhiteElo "1945"]
[BlackElo "2330"]
[Annotator "NA"]
[PlyCount "63"]
[EventDate "2019.10.17"]
[EventType "swiss"]
[EventCountry "RUS"]
[SourceTitle "playchess.com"]
[Source "ChessBase"]
[SourceQuality "1"]
[TimeControl "180+2"]

1. c4 {[%emt 0:00:00]} c6 {[%emt 0:00:00]} 2. Nc3 {[%emt 0:00:00]} d5 {[%emt 0:00:01]} 3. cxd5 {[%emt 0:00:01]} cxd5 4. d4 Nf6 {[%emt 0:00:04]} 5. Nf3 {[%emt 0:00:01]} Nc6 {[%emt 0:00:01]} 6. Bf4 {[%emt 0:00:02]} Bf5 {[%emt 0:00:01]} 7. e3 {[%emt 0:00:02]} e6 {[%emt 0:00:01]} 8. a3 {[%emt 0:00:00]} Bd6 {[%emt 0:00:51]} 9. Bxd6 Qxd6 {[%emt 0:00:01]} 10. Bd3 {[%emt 0:00:12]} O-O {[%emt 0:00:07]} 11. O-O {[%emt 0:00:01]} Rac8 {[%emt 0:00:05]} 12. Rc1 {[%emt 0:00:01]} a6 {[%emt 0:00:12]} 13. Na4 {[%emt 0:00:06]} Bxd3 14. Qxd3 {[%emt 0:00:02]} Ne4 {[%emt 0:00:08]} 15. Nc5 {[%emt 0:00:03]} Nxc5 {[%emt 0:00:20]} 16. dxc5 {[%emt 0:00:01]} Qe7 {[%emt 0:00:06]} 17. b4 {[%emt 0:00:02]} Rfd8 {[%emt 0:00:06]} 18. Nd4 {[%emt 0:00:08]} Ne5 {[%emt 0:00:12]} 19. Qe2 {[%emt 0:00:08]} g6 {[%emt 0:00:03]} 20. Rfd1 {[%emt 0:00:01]} Nc6 {[%emt 0:00:23]} 21. Nxc6 {[%emt 0:00:07]} Rxc6 {[%emt 0:00:02]} 22. Rd2 {[%emt 0:00:05]} Qc7 {[%emt 0:00:11]} 23. Rcd1 {[%emt 0:00:22]} Rc8 {[%emt 0:00:10]} 24. e4 {[%emt 0:00:04]} b6 {[%emt 0:00:30]} 25. cxb6 {[%emt 0:00:05]} Qxb6 {[%emt 0:00:04]} 26. exd5 {[%emt 0:00:03]} exd5 {[%emt 0:00:01]} 27. Rxd5 {[%emt 0:00:03]} Rc2 {[%emt 0:00:01]} 28. Qf3 {[%emt 0:00:56]} R2c3 {[%emt 0:00:02]} 29. Qg4 {[%emt 0:00:05]} Rc2 {[%emt 0:00:04]} 30. Qf3 {[%emt 0:00:05]} R2c3 {[%emt 0:00:01]} 31. Qg4 {[%emt 0:00:07]} Rc2 {[%emt 0:00:01]} 32. Qf3 {[%emt 0:00:06]} 1/2-1/2

[Event "RUS-ch Women Blitz 2019"]
[Site "Sochi"]
[Date "2019.10.17"]
[Round "3.8"]
[White "Kovanova, Baira"]
[Black "Afonasieva, Anna"]
[Result "1-0"]
[WhiteElo "2344"]
[BlackElo "2312"]
[Annotator "TA"]
[PlyCount "89"]
[EventDate "2019.10.17"]
[EventType "swiss"]
[EventCountry "RUS"]
[SourceTitle "playchess.com"]
[Source "ChessBase"]
[SourceQuality "1"]

{[%evp 12,88,-3,-18,27,-18,9,-38,43,50,54,-23,3,-29,-27,-39,-35,-37,-35,-50,104,-20,16,0,18,4,29,8,69,82,79,66,121,120,133,135,131,92,209,157,208,196,222,133,178,109,153,14,11,0,0,0,0,-113,-112,-117,16,18,18,18,22,17,33,37,262,255,270,22,734,733,758,748,726,609,29975,581,6403,6269,29999]} 1. Nf3 d5 2. g3 Nf6 3. Bg2 g6 4. O-O Bg7 5. d4 O-O 6. b3 c5 7. Bb2 b6 {A05: Réti Opening: 1 Nf3 Nf6} (7... Ne4 8. Nbd2 Nc6 9. e3 Qa5 10. Nxe4 dxe4 11. Ne5 Nxe5 12. dxe5 Rd8 13. Qe1 Qc7 14. Bxe4 Bh3 15. Bg2 Bxg2 16. Kxg2 Bxe5 17. Bxe5 Qxe5 {½-½ (47) Moussard,J (2576)-Fridman,D (2594) chess.com INT 2017}) 8. Nbd2 Bb7 9. Ne5 Nc6 $146 (9... cxd4 $15 10. Bxd4 Nc6 11. Nxc6 Bxc6) ({Predecessor:} 9... Qc7 10. Ndf3 Nbd7 11. Rc1 Rac8 12. c4 dxc4 13. Nxc4 Rfd8 14. Ncd2 Qb8 15. Re1 {½-½ (24) Moyano,H (1928)-Reyes Larena,J (2457) Santiago de Chile 2007}) 10. Nxc6 $14 Bxc6 11. Nf3 ({White should play} 11. dxc5 $14 bxc5 12. c4) 11... Rc8 12. c3 Bb7 13. Ne5 Ne4 14. Rc1 f6 15. Nd3 Nd6 $2 (15... c4 $15 {keeps the upper hand.} 16. Nf4 Qd6) 16. Ba3 (16. dxc5 $16 bxc5 17. Nf4) 16... Nb5 17. Bb2 cxd4 {[%cal Rb5c3]} 18. cxd4 Qd6 19. Qd2 e5 (19... Qd7 $11) 20. dxe5 fxe5 21. a4 Nc7 ({Black should try} 21... Nd4 $14 22. Bxd4 exd4) 22. f4 $16 e4 23. Bxg7 Kxg7 24. Ne5 Rcd8 (24... Na6 $16 {was worth a try.}) 25. Rfd1 d4 (25... Na6 $16 26. Bxe4 Nc5) 26. Qb2 {Black must now prevent Rxd4!} Ne6 {[#]} 27. e3 $1 {[%mdl 512]} Kg8 {[#]} (27... dxe3 28. Nd7+) 28. exd4 (28. Bh3 $1 $18) 28... Nxd4 {[#]} 29. Kh1 (29. h4 $1 $16) 29... Qb4 $1 $11 30. Rc4 (30. Rb1 {seems wilder.} Ba8 31. h4 Qc5 32. Kh2 Qc2 33. Qxc2 Nxc2 34. Rbc1) 30... Qxb3 31. Qxb3 Nxb3 32. Re1 (32. Rxd8 $11 Rxd8 33. Bxe4 Bxe4+ 34. Rxe4) 32... Nc5 $17 33. a5 e3 (33... Ba6 $17 34. Rc3 Nd3) 34. Bxb7 Nxb7 35. axb6 axb6 36. Rxe3 Rd1+ 37. Kg2 Rfd8 $2 (37... Nc5 $14) 38. Rc7 $18 Nc5 39. Re2 $2 ({Better is} 39. Ng4 $18 Kf8 40. Nf6 (40. Rxh7 R1d7 $18) 40... R8d2+ 41. Kh3) 39... b5 $2 {[%mdl 8192]} (39... R1d2 $11 40. Rxd2 Rxd2+ 41. Kh3 Ne4) 40. Rxc5 b4 41. Rb5 Rb1 {[#]} 42. Nc6 $1 Rc8 43. Nxb4 (43. Ne7+ $142 Kf8 44. Nxc8 Rd1 45. Rxb4 Rd8 46. Nb6 h5 47. Nc4 h4 48. Rb6 hxg3 49. hxg3) 43... Rc4 44. Rb7 {[%cal Re2e8]} Rcxb4 45. Re8# {Accuracy: White = 31%, Black = 11%.} 1-0

[Event "RUS-ch Women Blitz 2019"]
[Site "Sochi"]
[Date "2019.10.17"]
[Round "3.9"]
[White "Ambartsumova, Karina"]
[Black "Charochkina, Daria"]
[Result "1/2-1/2"]
[WhiteElo "2341"]
[BlackElo "2355"]
[Annotator "NA"]
[PlyCount "99"]
[EventDate "2019.10.17"]
[EventType "swiss"]
[EventCountry "RUS"]
[SourceTitle "playchess.com"]
[Source "ChessBase"]
[SourceQuality "1"]
[TimeControl "180+2"]

1. Nf3 {[%emt 0:00:00]} d5 {[%emt 0:00:04]} 2. e3 {[%emt 0:00:00]} Nf6 {[%emt 0:00:02]} 3. c4 {[%emt 0:00:02]} c6 {[%emt 0:00:01]} 4. Nc3 {[%emt 0:00:02]} e6 {[%emt 0:00:01]} 5. b3 {[%emt 0:00:01]} Bd6 {[%emt 0:00:01]} 6. Bb2 {[%emt 0:00:01]} O-O {[%emt 0:00:07]} 7. Be2 {[%emt 0:00:02]} e5 {[%emt 0:00:18]} 8. cxd5 {[%emt 0:00:09]} cxd5 {[%emt 0:00:01]} 9. Nb5 {[%emt 0:00:13]} Nc6 {[%emt 0:00:01]} 10. Nxd6 {[%emt 0:00:51]} Qxd6 {[%emt 0:00:02]} 11. d4 {[%emt 0:00:47]} e4 {[%emt 0:00:01]} 12. Ne5 {[%emt 0:00:02]} Be6 {[%emt 0:00:15]} 13. Nxc6 {[%emt 0:00:09]} Qxc6 {[%emt 0:00:09]} 14. Rc1 {[%emt 0:00:02]} Qd7 {[%emt 0:00:01]} 15. O-O {[%emt 0:00:06]} Ne8 {[%emt 0:00:16]} 16. Ba3 {[%emt 0:00:04]} Nd6 {[%emt 0:00:00]} 17. Qd2 {[%emt 0:00:03]} Rfc8 {[%emt 0:00:20]} 18. Qb4 {[%emt 0:00:09]} Nf5 {[%emt 0:00:02]} 19. Bb5 {[%emt 0:00:03]} Qd8 {[%emt 0:00:01]} 20. Rxc8 {[%emt 0:00:20]} Rxc8 {[%emt 0:00:03]} 21. Rc1 {[%emt 0:00:02]} Rxc1+ {[%emt 0:00:07]} 22. Bxc1 {[%emt 0:00:02]} Qg5 {[%emt 0:00:03]} 23. Bf1 {[%emt 0:00:11]} Nh4 {[%emt 0:00:03]} 24. Kh1 {[%emt 0:00:05]} Qf5 {[%emt 0:00:22]} 25. Qd2 {[%emt 0:00:06]} h5 {[%emt 0:00:01]} 26. Ba3 {[%emt 0:00:03]} Qg4 {[%emt 0:00:06]} 27. Bd6 {[%emt 0:00:05]} Nf5 {[%emt 0:00:03]} 28. Bb8 {[%emt 0:00:01]} a6 {[%emt 0:00:10]} 29. h3 {[%emt 0:00:01]} Qg5 {[%emt 0:00:01]} 30. Qe1 {[%emt 0:00:09]} Qd8 {[%emt 0:00:05]} 31. Bh2 {[%emt 0:00:02]} g5 {[%emt 0:00:00]} 32. Qc3 {[%emt 0:00:03]} Qf6 {[%emt 0:00:03]} 33. Qc7 {[%emt 0:00:01]} Qe7 {[%emt 0:00:16]} 34. Qxe7 {[%emt 0:00:04]} Nxe7 {[%emt 0:00:01]} 35. Kg1 {[%emt 0:00:01]} Kf8 {[%emt 0:00:07]} 36. Bd6 {[%emt 0:00:01]} Ke8 {[%emt 0:00:01]} 37. Be2 {[%emt 0:00:01]} h4 {[%emt 0:00:03]} 38. Be5 {[%emt 0:00:02]} Ng8 {[%emt 0:00:18]} 39. Kf1 {[%emt 0:00:01]} f6 {[%emt 0:00:01]} 40. Bb8 {[%emt 0:00:01]} Ne7 {[%emt 0:00:02]} 41. Bd6 {[%emt 0:00:02]} Kd7 {[%emt 0:00:07]} 42. Ba3 {[%emt 0:00:04]} f5 {[%emt 0:00:10]} 43. Kg1 {[%emt 0:00:04]} g4 {[%emt 0:00:02]} 44. Kh2 {[%emt 0:00:01]} Ng8 {[%emt 0:00:02]} 45. g3 {[%emt 0:00:03]} hxg3+ {[%emt 0:00:03]} 46. fxg3 {[%emt 0:00:01]} gxh3 {[%emt 0:00:01]} 47. Bf1 {[%emt 0:00:03]} Nf6 {[%emt 0:00:03]} 48. Bxh3 {[%emt 0:00:01]} Ng4+ {[%emt 0:00:00]} 49. Bxg4 {[%emt 0:00:02]} fxg4 {[%emt 0:00:01]} 50. Kg2 1/2-1/2

[Event "RUS-ch Women Blitz 2019"]
[Site "Sochi"]
[Date "2019.10.17"]
[Round "3.10"]
[White "Garifullina, Leya"]
[Black "Goltseva, Ekaterina"]
[Result "1-0"]
[WhiteElo "2330"]
[BlackElo "2317"]
[Annotator "TA"]
[PlyCount "87"]
[EventDate "2019.10.17"]
[EventType "swiss"]
[EventCountry "RUS"]
[SourceTitle "playchess.com"]
[Source "ChessBase"]
[SourceQuality "1"]

{[%evp 26,87,43,32,43,35,79,49,47,31,33,39,39,35,79,35,37,-133,231,191,270,199,270,258,256,244,243,77,84,70,118,118,231,221,218,103,129,106,98,94,100,40,32,39,50,57,29969,29970,29988,29989,29990,29991,29991,29990,29996,1118,1089,1019,29994,29981,29993,29993,29997,29998]} 1. e4 e5 2. Nf3 Nc6 3. Bb5 a6 4. Ba4 Nf6 5. O-O Be7 6. Re1 b5 7. Bb3 d6 8. c3 O-O 9. h3 Nd7 10. d4 Bf6 11. a4 Rb8 12. axb5 axb5 13. Be3 Ne7 14. Nbd2 {[%cal Bb1d2,Bd2f1,Bf1g3][%mdl 32]} c5 {C92: Closed Ruy Lopez: 9...Be6, Karpov and Flohr-Zaitsev Variations} 15. Nf1 g6 16. Ng3 Bg7 $146 {White is slightly better.} ({Predecessor:} 16... exd4 17. cxd4 c4 18. Bc2 d5 19. Qd2 Bg7 20. Bg5 f6 21. Bf4 Rb6 22. h4 dxe4 23. Nxe4 {½-½ (54) Lutz,C (2640)-Blatny,P (2475) Austria 2003}) 17. Bc2 Qc7 18. Qd2 Nb6 19. b3 Rd8 20. Qc1 b4 21. c4 $2 (21. Bd3 $14 {keeps the upper hand.}) 21... f5 $2 {[%mdl 8192]} (21... cxd4 $17 22. Bh6 Bxh6 23. Qxh6 Nc6) 22. exf5 Nxf5 (22... cxd4 $142 23. Bg5 Nxf5) 23. Nxf5 Bxf5 (23... gxf5 {keeps fighting.} 24. dxe5 dxe5) 24. dxc5 dxc5 25. Bxf5 gxf5 {[#]} 26. Bg5 $2 (26. Bh6 $1 $18 {and the rest is easy.}) 26... Rd3 27. Nh4 Rf8 {[#]} 28. Bh6 $1 e4 ({Don't go for} 28... Rxb3 $2 29. Qg5 $18) (28... Qe7 $16) 29. Qg5 $18 Kh8 30. Nxf5 (30. Ra5 $18) 30... Bxh6 $16 31. Nxh6 $40 {[%mdl 128] White goes for the king.} Qg7 32. Qxg7+ Kxg7 33. Ng4 (33. Ra6 $16 Nd7 34. Rxe4) 33... Rxb3 $14 34. Rxe4 Rc3 {With the idea ...b3.} 35. Ne5 {Strongly threatening Ra7+.} Rc2 $2 {[%mdl 8192]} (35... Ra3 $14 36. Rg4+ Kf6) 36. Ra7+ Kf6 37. Ng4+ Kf5 38. Re5+ {[%mdl 64] Double Attack} Kg6 39. Re6+ Kg5 40. Rxb6 (40. Rg7+ $142 Kf5 41. Re5+ {[%mdl 64] Double Attack} Kf4 42. g3+ Kf3 43. Nh2#) 40... h5 41. Rg7+ Kh4 42. Nh2 {White mates.} Rc1+ 43. Nf1 Re8 44. Kh2 {Accuracy: White = 38%, Black = 34%.} 1-0

[Event "RUS-ch Women Blitz 2019"]
[Site "Sochi"]
[Date "2019.10.17"]
[Round "3.11"]
[White "Chernyak, Viktoria"]
[Black "Bykova, Anastasia"]
[Result "0-1"]
[WhiteElo "2284"]
[BlackElo "2247"]
[Annotator "NA"]
[PlyCount "124"]
[EventDate "2019.10.17"]
[EventType "swiss"]
[EventCountry "RUS"]
[SourceTitle "playchess.com"]
[Source "ChessBase"]
[SourceQuality "1"]
[TimeControl "180+2"]

1. Nf3 {[%emt 0:00:00]} d5 {[%emt 0:00:00]} 2. g3 {[%emt 0:00:00]} c6 {[%emt 0:00:00]} 3. Bg2 {[%emt 0:00:01]} Nf6 {[%emt 0:00:01]} 4. O-O {[%emt 0:00:01]} Bg4 {[%emt 0:00:01]} 5. c4 {[%emt 0:00:03]} e6 {[%emt 0:00:01]} 6. b3 {[%emt 0:00:23]} Nbd7 {[%emt 0:00:02]} 7. Bb2 {[%emt 0:00:01]} Be7 {[%emt 0:00:01]} 8. d4 {[%emt 0:00:02]} O-O {[%emt 0:00:02]} 9. Nc3 {[%emt 0:00:01]} a5 {[%emt 0:00:05]} 10. h3 {[%emt 0:00:02]} Bh5 {[%emt 0:00:01]} 11. Rc1 {[%emt 0:00:12]} Qb6 {[%emt 0:00:04]} 12. Na4 {[%emt 0:00:14]} Qa6 {[%emt 0:00:01]} 13. g4 {[%emt 0:00:13]} Bg6 {[%emt 0:00:01]} 14. cxd5 {[%emt 0:00:12]} exd5 {[%emt 0:00:03]} 15. Nh4 {[%emt 0:00:07]} Rfe8 {[%emt 0:00:14]} 16. Nxg6 {[%emt 0:00:02]} hxg6 {[%emt 0:00:01]} 17. e3 {[%emt 0:00:01]} Bd6 {[%emt 0:00:06]} 18. Nc5 {[%emt 0:00:22]} Qa7 {[%emt 0:00:08]} 19. Nd3 {[%emt 0:00:09]} Qb6 {[%emt 0:00:09]} 20. Qc2 {[%emt 0:00:06]} Bb8 {[%emt 0:00:05]} 21. Rfe1 {[%emt 0:00:18]} Qc7 {[%emt 0:00:03]} 22. f4 {[%emt 0:00:01]} Qd8 {[%emt 0:00:26]} 23. Bf3 {[%emt 0:00:02]} Ne4 {[%emt 0:00:04]} 24. Qg2 {[%emt 0:00:09]} Qh4 {[%emt 0:00:05]} 25. Ne5 {[%emt 0:00:05]} Nf8 {[%emt 0:00:47]} 26. Re2 {[%emt 0:00:06]} Nd6 {[%emt 0:00:02]} 27. Ba3 {[%emt 0:00:04]} f6 {[%emt 0:00:03]} 28. Nd3 {[%emt 0:00:07]} Nb5 {[%emt 0:00:08]} 29. Bxf8 Kxf8 {[%emt 0:00:06]} 30. Rce1 {[%emt 0:00:22]} a4 {[%emt 0:00:03]} 31. bxa4 {[%emt 0:00:06]} Rxa4 {[%emt 0:00:01]} 32. Nc5 {[%emt 0:00:01]} Ra7 {[%emt 0:00:08]} 33. Nd7+ {[%emt 0:00:01]} Kg8 {[%emt 0:00:12]} 34. Nxb8 {[%emt 0:00:02]} Rxb8 {[%emt 0:00:01]} 35. Kh2 {[%emt 0:00:09]} Nd6 {[%emt 0:00:04]} 36. Rb1 {[%emt 0:00:06]} Rba8 {[%emt 0:00:02]} 37. Rbb2 {[%emt 0:00:04]} Re8 {[%emt 0:00:02]} 38. Rb6 {[%emt 0:00:09]} Nc8 {[%emt 0:00:17]} 39. Rb3 {[%emt 0:00:01]} Nd6 {[%emt 0:00:02]} 40. Rb6 {[%emt 0:00:01]} Nc8 {[%emt 0:00:12]} 41. Rb3 Nd6 42. Rb6 {[%emt 0:00:01]} Nc8 43. Rb3 Nd6 {[%emt 0:00:02]} 44. Rb6 {[%emt 0:00:01]} Rd8 {[%emt 0:00:11]} 45. Rb3 {[%emt 0:00:07]} Nc4 {[%emt 0:00:06]} 46. Rc3 {[%emt 0:00:05]} Kf8 {[%emt 0:00:05]} 47. e4 {[%emt 0:00:05]} dxe4 {[%emt 0:00:05]} 48. Rxe4 {[%emt 0:00:04]} Nd6 {[%emt 0:00:05]} 49. Re2 {[%emt 0:00:00]} Nb5 {[%emt 0:00:02]} 50. Rce3 {[%emt 0:00:04]} Nxd4 {[%emt 0:00:02]} 51. Rb2 {[%emt 0:00:02]} Nxf3+ {[%emt 0:00:06]} 52. Rxf3 {[%emt 0:00:01]} Kg8 {[%emt 0:00:03]} 53. Rfb3 {[%emt 0:00:01]} Rd7 {[%emt 0:00:02]} 54. Qf3 {[%emt 0:00:05]} Qe1 {[%emt 0:00:01]} 55. Re2 {[%emt 0:00:02]} Qa5 {[%emt 0:00:01]} 56. Re8+ {[%emt 0:00:01]} Kf7 {[%emt 0:00:02]} 57. Rbe3 {[%emt 0:00:02]} Qd5 {[%emt 0:00:02]} 58. Qe2 {[%emt 0:00:02]} Rxa2 {[%emt 0:00:01]} 59. R3e7+ {[%emt 0:00:05]} Rxe7 {[%emt 0:00:02]} 60. Rxe7+ {[%emt 0:00:01]} Kf8 {[%emt 0:00:00]} 61. Re8+ {[%emt 0:00:01]} Kf7 {[%emt 0:00:01]} 62. Re7+ {[%emt 0:00:02]} Kg8 {[%emt 0:00:01]} 0-1

[Event "RUS-ch Women Blitz 2019"]
[Site "Sochi"]
[Date "2019.10.17"]
[Round "3.12"]
[White "Mukhina, Jana"]
[Black "Murashova, Ekaterina"]
[Result "0-1"]
[WhiteElo "2105"]
[BlackElo "2248"]
[Annotator "NA"]
[PlyCount "96"]
[EventDate "2019.10.17"]
[EventType "swiss"]
[EventCountry "RUS"]
[SourceTitle "playchess.com"]
[Source "ChessBase"]
[SourceQuality "1"]
[TimeControl "180+2"]

1. e4 {[%emt 0:00:00]} c5 {[%emt 0:00:00]} 2. Nf3 {[%emt 0:00:00]} g6 {[%emt 0:00:00]} 3. c3 {[%emt 0:00:00]} Bg7 {[%emt 0:00:00]} 4. d4 {[%emt 0:00:01]} cxd4 {[%emt 0:00:00]} 5. cxd4 d5 6. e5 {[%emt 0:00:01]} Nh6 {[%emt 0:00:01]} 7. Bf4 {[%emt 0:00:15]} Bg4 {[%emt 0:00:52]} 8. Bb5+ {[%emt 0:00:11]} Nc6 {[%emt 0:00:02]} 9. Bxc6+ {[%emt 0:00:02]} bxc6 {[%emt 0:00:00]} 10. Nbd2 {[%emt 0:00:01]} O-O {[%emt 0:00:09]} 11. h3 {[%emt 0:00:02]} Bd7 {[%emt 0:00:06]} 12. Nb3 {[%emt 0:00:06]} f6 {[%emt 0:00:05]} 13. Bxh6 {[%emt 0:00:20]} Bxh6 {[%emt 0:00:04]} 14. O-O {[%emt 0:00:01]} Rb8 {[%emt 0:00:07]} 15. Nc5 {[%emt 0:00:02]} Rxb2 {[%emt 0:00:10]} 16. Qa4 {[%emt 0:00:13]} a5 {[%emt 0:00:20]} 17. e6 {[%emt 0:00:07]} Be8 {[%emt 0:00:06]} 18. Rab1 {[%emt 0:00:08]} Qb6 {[%emt 0:00:01]} 19. Rxb2 {[%emt 0:00:14]} Qxb2 {[%emt 0:00:01]} 20. Qxa5 {[%emt 0:00:01]} Bf4 {[%emt 0:00:06]} 21. a4 {[%emt 0:00:35]} Bd6 {[%emt 0:00:00]} 22. Qa7 {[%emt 0:00:16]} g5 {[%emt 0:00:03]} 23. a5 {[%emt 0:00:06]} Bh5 {[%emt 0:00:01]} 24. Nh2 {[%emt 0:00:09]} Qxd4 {[%emt 0:00:05]} 25. Nf3 {[%emt 0:00:56]} Bxf3 {[%emt 0:00:03]} 26. gxf3 {[%emt 0:00:00]} Bxc5 {[%emt 0:00:11]} 27. Qc7 {[%emt 0:00:03]} Bd6 {[%emt 0:00:04]} 28. Qxc6 Qf4 {[%emt 0:00:03]} 29. Rd1 {[%emt 0:00:02]} Qxf3 {[%emt 0:00:08]} 30. Qxd5 {[%emt 0:00:02]} Qxh3 {[%emt 0:00:18]} 31. Qg2 {[%emt 0:00:03]} Qxg2+ {[%emt 0:00:09]} 32. Kxg2 {[%emt 0:00:00]} Ra8 {[%emt 0:00:01]} 33. Ra1 {[%emt 0:00:02]} f5 {[%emt 0:00:01]} 34. a6 {[%emt 0:00:01]} Ra7 {[%emt 0:00:02]} 35. Ra4 {[%emt 0:00:04]} Kg7 {[%emt 0:00:02]} 36. Kf3 {[%emt 0:00:03]} Kf6 {[%emt 0:00:00]} 37. Ke3 {[%emt 0:00:03]} Kxe6 {[%emt 0:00:03]} 38. Kd4 {[%emt 0:00:01]} h5 {[%emt 0:00:03]} 39. Kc4 {[%emt 0:00:01]} h4 {[%emt 0:00:04]} 40. Kb5 {[%emt 0:00:01]} Bc7 {[%emt 0:00:07]} 41. Kc6 {[%emt 0:00:05]} h3 {[%emt 0:00:04]} 42. f3 {[%emt 0:00:02]} h2 {[%emt 0:00:03]} 43. Ra1 {[%emt 0:00:01]} Rxa6+ {[%emt 0:00:06]} 44. Rxa6 {[%emt 0:00:02]} h1=Q {[%emt 0:00:04]} 45. Kxc7+ {[%emt 0:00:02]} Ke5 {[%emt 0:00:07]} 46. Ra5+ {[%emt 0:00:01]} Kf4 {[%emt 0:00:00]} 47. Kd7 {[%emt 0:00:03]} Qd1+ {[%emt 0:00:04]} 48. Ke6 {[%emt 0:00:01]} Qe1+ {[%emt 0:00:01] Ke5+ Kxe5} 0-1

[Event "RUS-ch Women Blitz 2019"]
[Site "Sochi"]
[Date "2019.10.17"]
[Round "4.1"]
[White "Voit, Daria"]
[Black "Gritsayeva, Oksana"]
[Result "1-0"]
[WhiteElo "2336"]
[BlackElo "2370"]
[Annotator "NA"]
[PlyCount "81"]
[EventDate "2019.10.17"]
[EventType "swiss"]
[EventCountry "RUS"]
[SourceTitle "playchess.com"]
[Source "ChessBase"]
[SourceQuality "1"]
[TimeControl "180+2"]

1. d4 {[%emt 0:00:00]} g6 {[%emt 0:00:00]} 2. c4 {[%emt 0:00:09]} Bg7 {[%emt 0:00:00]} 3. Nf3 {[%emt 0:00:01]} c5 {[%emt 0:00:01]} 4. d5 {[%emt 0:00:04]} f5 {[%emt 0:00:01]} 5. Nc3 {[%emt 0:00:03]} Nf6 {[%emt 0:00:01]} 6. Qc2 {[%emt 0:00:13]} d6 {[%emt 0:00:03]} 7. e4 {[%emt 0:00:02]} fxe4 {[%emt 0:00:02]} 8. Nxe4 {[%emt 0:00:01]} Nxe4 {[%emt 0:00:11]} 9. Qxe4 {[%emt 0:00:02]} Nd7 {[%emt 0:00:01]} 10. Bd3 {[%emt 0:00:07]} Nf6 {[%emt 0:00:02]} 11. Qe2 {[%emt 0:00:04]} Bg4 {[%emt 0:00:07]} 12. h3 {[%emt 0:00:02]} Bxf3 {[%emt 0:00:04]} 13. Qxf3 {[%emt 0:00:01]} O-O {[%emt 0:00:03]} 14. O-O {[%emt 0:00:11]} a6 {[%emt 0:00:03]} 15. Re1 {[%emt 0:00:15]} Rb8 {[%emt 0:00:11]} 16. Qe2 {[%emt 0:00:02]} Nd7 {[%emt 0:00:27]} 17. Qxe7 {[%emt 0:00:27]} Qxe7 {[%emt 0:00:04]} 18. Rxe7 {[%emt 0:00:01]} Ne5 {[%emt 0:00:04]} 19. Be2 {[%emt 0:00:07]} b5 {[%emt 0:00:05]} 20. cxb5 {[%emt 0:00:08]} axb5 {[%emt 0:00:02]} 21. a4 {[%emt 0:00:29]} bxa4 {[%emt 0:00:10]} 22. Rxa4 {[%emt 0:00:01]} Nf7 {[%emt 0:00:20]} 23. Raa7 {[%emt 0:00:28]} Rbe8 {[%emt 0:00:26]} 24. Bg4 {[%emt 0:00:05]} Rxe7 {[%emt 0:00:05]} 25. Rxe7 {[%emt 0:00:02]} Ne5 {[%emt 0:00:06]} 26. Re6 {[%emt 0:00:14]} Nxg4 {[%emt 0:00:21]} 27. hxg4 {[%emt 0:00:01]} Bd4 {[%emt 0:00:08]} 28. Be3 {[%emt 0:00:08]} Bxe3 {[%emt 0:00:05]} 29. fxe3 {[%emt 0:00:04]} Rd8 {[%emt 0:00:09]} 30. Kf2 {[%emt 0:00:09]} Kf7 {[%emt 0:00:01]} 31. g5 {[%emt 0:00:03]} Rd7 {[%emt 0:00:11]} 32. e4 {[%emt 0:00:05]} Rd8 {[%emt 0:00:03]} 33. Ke3 {[%emt 0:00:03]} Rd7 {[%emt 0:00:01]} 34. Kd3 {[%emt 0:00:01]} Rd8 {[%emt 0:00:12]} 35. Kc4 {[%emt 0:00:01]} Rd7 {[%emt 0:00:04]} 36. b3 {[%emt 0:00:07]} Rd8 {[%emt 0:00:05]} 37. Kb5 {[%emt 0:00:02]} Rb8+ {[%emt 0:00:01]} 38. Kc6 {[%emt 0:00:03]} Rxb3 {[%emt 0:00:03]} 39. Kxd6 {[%emt 0:00:03]} c4 {[%emt 0:00:10]} 40. Re7+ {[%emt 0:00:02]} Kf8 {[%emt 0:00:07]} 41. Rxh7 {[%emt 0:00:02]} 1-0

[Event "RUS-ch Women Blitz 2019"]
[Site "Sochi"]
[Date "2019.10.17"]
[Round "4.2"]
[White "Lysenko, Margarita"]
[Black "Semenova, Elena"]
[Result "0-1"]
[WhiteElo "2243"]
[BlackElo "2282"]
[Annotator "NA"]
[PlyCount "68"]
[EventDate "2019.10.17"]
[EventType "swiss"]
[EventCountry "RUS"]
[SourceTitle "playchess.com"]
[Source "ChessBase"]
[SourceQuality "1"]
[TimeControl "180+2"]

1. d4 {[%emt 0:00:00]} Nf6 {[%emt 0:00:00]} 2. c4 {[%emt 0:00:01]} e6 {[%emt 0:00:00]} 3. Nc3 {[%emt 0:00:01]} Bb4 {[%emt 0:00:00]} 4. f3 {[%emt 0:00:01]} c5 {[%emt 0:00:04]} 5. d5 {[%emt 0:00:01]} b5 {[%emt 0:00:02]} 6. e4 {[%emt 0:00:03]} O-O {[%emt 0:00:06]} 7. Nh3 {[%emt 0:00:13]} bxc4 {[%emt 0:00:06]} 8. Bxc4 {[%emt 0:00:02]} exd5 {[%emt 0:00:02]} 9. Bxd5 {[%emt 0:00:03]} Nxd5 {[%emt 0:00:06]} 10. Qxd5 {[%emt 0:00:11]} Qh4+ {[%emt 0:00:30]} 11. Nf2 {[%emt 0:00:07]} Nc6 {[%emt 0:00:04]} 12. O-O {[%emt 0:00:14]} Ba6 {[%emt 0:00:09]} 13. Rd1 {[%emt 0:00:41]} Nd4 {[%emt 0:00:04]} 14. Bg5 {[%emt 0:00:33]} Qh5 {[%emt 0:00:13]} 15. Be7 {[%emt 0:00:25]} Qxd5 {[%emt 0:00:24]} 16. Nxd5 {[%emt 0:00:02]} Ne2+ {[%emt 0:00:28]} 17. Kh1 {[%emt 0:00:01]} Rfc8 {[%emt 0:00:09]} 18. Nxb4 {[%emt 0:00:26]} cxb4 {[%emt 0:00:01]} 19. Bxb4 {[%emt 0:00:03]} Rab8 {[%emt 0:00:05]} 20. a3 {[%emt 0:00:22]} Bb5 {[%emt 0:00:05]} 21. Nd3 {[%emt 0:00:05]} Rc2 {[%emt 0:00:11]} 22. Ne5 {[%emt 0:00:03]} Rxb2 {[%emt 0:00:18]} 23. Bd6 {[%emt 0:00:04]} Rc8 {[%emt 0:00:05]} 24. Bb4 {[%emt 0:00:03]} Nf4 {[%emt 0:00:08]} 25. Nxd7 {[%emt 0:00:01]} Nxg2 {[%emt 0:00:10]} 26. Rac1 {[%emt 0:00:02]} Rxc1 {[%emt 0:00:10]} 27. Nf6+ {[%emt 0:00:01]} gxf6 {[%emt 0:00:01]} 28. Rxc1 {[%emt 0:00:00]} Nh4 {[%emt 0:00:06]} 29. Rg1+ {[%emt 0:00:03]} Ng6 {[%emt 0:00:04]} 30. h4 {[%emt 0:00:02]} h5 {[%emt 0:00:03]} 31. Rc1 {[%emt 0:00:02]} Kh7 {[%emt 0:00:01]} 32. Rc7 {[%emt 0:00:01]} Ne5 {[%emt 0:00:02]} 33. f4 {[%emt 0:00:01]} Nf3 {[%emt 0:00:01]} 34. Rxf7+ {[%emt 0:00:02]} Kg6 {[%emt 0:00:00]} 0-1